| 000 | 00394nam a2200157Ia 4500 | ||
|---|---|---|---|
| 008 | 230524s9999 xx 000 0 und d | ||
| 082 |
_a621.38 _bGER |
||
| 100 | _aG.C.Gerg | ||
| 245 | 0 | _aUtilization of Electric Power & Electric Traction | |
| 250 | _a8TH | ||
| 260 |
_aNEW DELHI _bKhanna _c2005 |
||
| 300 | _aXIII;879 | ||
| 500 | _aQuantity Number: 2 | ||
| 650 | _aElectrical | ||
| 942 | _cBK | ||
| 999 |
_c26184 _d26184 |
||